[Event "78th ch-ESP 2013"]
[Site "Linares ESP"]
[Date "2013.08.31"]
[Round "3.4"]
[White "Perez Candelario, Manuel"]
[Black "Matnadze, Ana"]
[Result "1-0"]
[WhiteElo "2569"]
[BlackElo "2390"]
[PlyCount "111"]
[EventDate "2013.08.29"]

1. e4 c6 2. d4 g6 3. Nf3 d5 4. e5 Bg4 5. Nbd2 e6 6. c3 Bxf3 7. Nxf3 h5 8. Bd3
Nh6 9. Bg5 Be7 10. Qd2 Nf5 11. O-O-O Nd7 12. h3 c5 13. g4 Ng7 14. Kb1 c4 15.
Bc2 b5 16. Rdg1 h4 17. Ka1 Nb6 18. Qf4 Bxg5 19. Nxg5 Qe7 20. Qf6 Rg8 21. Nf3 b4
22. Qxh4 a5 23. Rg3 Qxh4 24. Nxh4 Ke7 25. f4 Ne8 26. Rhg1 Nc7 27. f5 g5 28. Nf3
Nb5 29. Nd2 a4 30. a3 bxc3 31. bxc3 Nxa3 32. Rc1 Nc8 33. Bd1 Na7 34. f6+ Kd7
35. Ka2 N3b5 36. Rb1 Rgb8 37. Re3 Nc6 38. Nf3 Na5 39. Nxg5 Nb3 40. Nxf7 Nd2 41.
Rc1 a3 42. Rc2 Ne4 43. Nd6 Nbxc3+ 44. Rexc3 Nxc3+ 45. Rxc3 Rb2+ 46. Ka1 Rab8
47. Ba4+ Kd8 48. Bc2 a2 49. g5 Rb1+ 50. Kxa2 R1b6 51. g6 Rb2+ 52. Ka1 R2b4 53.
Ra3 Rb2 54. g7 Kc7 55. Ra7+ Kc6 56. Ba4+ 1-0

[Event "78th ch-ESP 2013"]
[Site "Linares ESP"]
[Date "2013.08.31"]
[Round "3.6"]
[White "Lopez Martinez, Josep Manuel"]
[Black "Sos Andreu, Eric"]
[Result "1-0"]
[WhiteElo "2547"]
[BlackElo "2229"]
[PlyCount "115"]
[EventDate "2013.08.29"]

1. e4 c5 2. Nf3 d6 3. d4 cxd4 4. Nxd4 Nf6 5. Nc3 a6 6. Be3 e5 7. Nb3 Be7 8. h3
Be6 9. Qf3 Nbd7 10. O-O-O Qc7 11. g4 Nb6 12. g5 Nfd7 13. h4 Rc8 14. Kb1 Nc4 15.
Bxc4 Qxc4 16. Qg2 b5 17. f4 exf4 18. Bxf4 Nb6 19. Be3 Na4 20. Nd5 Bxd5 21. exd5
O-O 22. Bd4 Bd8 23. h5 Bb6 24. h6 Rfe8 25. Rd2 Bxd4 26. Nxd4 Qb4 27. Nb3 Qe4
28. Qxe4 Rxe4 29. hxg7 Rce8 30. Rdd1 R8e5 31. Rh6 Re1 32. Rxe1 Rxe1+ 33. Nc1
Kxg7 34. Rxd6 Nc5 35. b3 Ne4 36. Rxa6 b4 37. Kb2 Nc3 38. a3 Nd1+ 39. Ka1 Nc3
40. axb4 Nxd5 41. Kb2 Nxb4 42. Rd6 Rg1 43. c4 Rg2+ 44. Kc3 Nc2 45. Rd2 Rxd2 46.
Kxd2 Nd4 47. b4 Kf8 48. Kd3 Ne6 49. Ke4 Ke7 50. Kd5 Kd7 51. Nd3 Nxg5 52. b5 h5
53. b6 Ne6 54. c5 Nd8 55. c6+ Kc8 56. Nc5 h4 57. Kd6 f6 58. b7+ 1-0

[Event "78th ch-ESP 2013"]
[Site "Linares ESP"]
[Date "2013.08.31"]
[Round "3.9"]
[White "Santos Ruiz, Miguel"]
[Black "Narciso Dublan, Marc"]
[Result "1/2-1/2"]
[WhiteElo "2239"]
[BlackElo "2505"]
[PlyCount "60"]
[EventDate "2013.08.29"]

1. e4 e5 2. Nf3 Nc6 3. Bb5 a6 4. Ba4 Nf6 5. d3 b5 6. Bb3 Bc5 7. O-O d6 8. a4
Rb8 9. axb5 axb5 10. Nbd2 O-O 11. h3 Be6 12. Re1 h6 13. c3 Bxb3 14. Nxb3 Bb6
15. d4 exd4 16. Nbxd4 Qd7 17. Nxc6 Qxc6 18. e5 Nd5 19. Nd4 Bxd4 20. Qxd4 Rfe8
21. Rd1 Rxe5 22. f4 Rh5 23. g4 Nxc3 24. Qxc3 Qxc3 25. bxc3 Rxh3 26. Ra3 Rg3+
27. Kf2 Rxg4 28. Ra7 c5 29. Rxd6 b4 30. cxb4 cxb4 1/2-1/2

[Event "78th ch-ESP 2013"]
[Site "Linares ESP"]
[Date "2013.08.31"]
[Round "3.10"]
[White "Arizmendi Martinez, Julen Luis"]
[Black "Ruiz Sanchez, Andres"]
[Result "1-0"]
[WhiteElo "2577"]
[BlackElo "2191"]
[PlyCount "61"]
[EventDate "2013.08.29"]

1. e4 e6 2. d4 d5 3. Nd2 Nf6 4. e5 Nfd7 5. f4 c5 6. Ngf3 Nc6 7. Nb3 c4 8. Nbd2
b5 9. Be2 Be7 10. Nf1 Nb6 11. Ne3 Bd7 12. O-O h5 13. Bd2 a5 14. Be1 b4 15. b3
c3 16. Bd3 g6 17. Qe2 Qc7 18. Rd1 a4 19. Bg3 Ra5 20. f5 gxf5 21. Nxf5 Qa7 22.
Nxe7 Kxe7 23. Bh4+ Ke8 24. Kh1 Nc8 25. Bf6 Rf8 26. Ng5 Nxd4 27. Qxh5 Bb5 28.
Bxb5+ Rxb5 29. Bg7 Nf5 30. Bxf8 Kxf8 31. g4 1-0

[Event "78th ch-ESP 2013"]
[Site "Linares ESP"]
[Date "2013.08.31"]
[Round "3.11"]
[White "Alvarez Fernandez, Enrique"]
[Black "Anton Guijarro, David"]
[Result "1/2-1/2"]
[WhiteElo "2385"]
[BlackElo "2570"]
[PlyCount "68"]
[EventDate "2013.08.29"]

1. d4 f5 2. e4 fxe4 3. Nc3 Nf6 4. Bg5 g6 5. h4 d5 6. h5 Bf5 7. Bxf6 exf6 8. g4
Be6 9. hxg6 Qd7 10. f4 Bxg4 11. Bh3 Bxh3 12. Rxh3 Nc6 13. Qh5 O-O-O 14. gxh7
Nxd4 15. O-O-O Bc5 16. Qg6 f5 17. Rh5 Qc6 18. Qf7 Qd7 19. Qg6 c6 20. Na4 Ne6
21. Nxc5 Nxc5 22. Ne2 Ne6 23. Qxf5 Ng7 24. Qxd7+ Rxd7 25. Rh3 Ne8 26. c4 Nf6
27. Rh6 Ng4 28. Rg6 Ne3 29. Rg8+ Rd8 30. Rxh8 Rxh8 31. Rh1 Kd7 32. cxd5 Nxd5
33. Nc3 Nf6 34. Rh6 Ke7 1/2-1/2

[Event "78th ch-ESP 2013"]
[Site "Linares ESP"]
[Date "2013.08.31"]
[Round "3.13"]
[White "Hernandez Estevez, Yudania"]
[Black "Espinosa Aranda, Angel"]
[Result "1/2-1/2"]
[WhiteElo "2230"]
[BlackElo "2392"]
[PlyCount "69"]
[EventDate "2013.08.29"]

1. e4 c5 2. Nf3 g6 3. Nc3 Bg7 4. d4 cxd4 5. Nxd4 Nc6 6. Be3 Nf6 7. Be2 O-O 8.
O-O d5 9. exd5 Nxd5 10. Nxd5 Qxd5 11. Nxc6 Qxc6 12. c3 Be6 13. Bf3 Qb5 14. Qc2
Rfd8 15. a4 Qc4 16. a5 Bd5 17. Bxd5 Rxd5 18. Rfd1 a6 19. Bb6 Be5 20. Ra4 Qc6
21. Rxd5 Qxd5 22. g3 Rc8 23. Qe4 Qxe4 24. Rxe4 Bd6 25. Kf1 f5 26. Rd4 Kf7 27.
Ke2 Ke6 28. Kd3 Kd7 29. f4 Re8 30. b4 Kc6 31. Rc4+ Kd7 32. Rd4 Kc6 33. Rc4+ Kd7
34. Rd4 Kc6 35. Rc4+ 1/2-1/2

[Event "78th ch-ESP 2013"]
[Site "Linares ESP"]
[Date "2013.08.31"]
[Round "3.14"]
[White "Almagro Llamas, Pablo"]
[Black "Andres Gonzalez, Ivan"]
[Result "1/2-1/2"]
[WhiteElo "2474"]
[BlackElo "2311"]
[PlyCount "61"]
[EventDate "2013.08.29"]

1. e4 c5 2. Nf3 d6 3. d4 cxd4 4. Nxd4 e5 5. Nf3 Nf6 6. Nc3 h6 7. Bc4 Be7 8. O-O
Nc6 9. Nh4 a6 10. a3 g6 11. g3 Bh3 12. Re1 Rc8 13. Ba2 Nd4 14. Qd3 Qd7 15. Be3
g5 16. Bxd4 exd4 17. Qxd4 Rxc3 18. Qxc3 gxh4 19. e5 dxe5 20. Qxe5 Be6 21. Rad1
Qc6 22. Bxe6 fxe6 23. Qb8+ Kf7 24. Qxh8 h3 25. Kf1 Bf8 26. Re3 Qxc2 27. Rde1
Qc4+ 28. Kg1 Qd5 29. Kf1 Qc4+ 30. R1e2 Qc1+ 31. Re1 1/2-1/2

[Event "78th ch-ESP 2013"]
[Site "Linares ESP"]
[Date "2013.08.31"]
[Round "3.15"]
[White "Arboledas Fernandez, Antonio A"]
[Black "Perez Mitjans, Orelvis"]
[Result "0-1"]
[WhiteElo "2149"]
[BlackElo "2475"]
[PlyCount "46"]
[EventDate "2013.08.29"]

1. d4 d5 2. e3 Bf5 3. c4 e6 4. Nc3 Nf6 5. Nf3 c6 6. Ne5 h6 7. g4 Bh7 8. Bg2
Nbd7 9. Nxd7 Qxd7 10. h3 dxc4 11. e4 Bb4 12. f3 c5 13. a3 Ba5 14. dxc5 Qxd1+
15. Kxd1 Bxc3 16. bxc3 O-O-O+ 17. Ke2 Rd3 18. Be3 Rhd8 19. Rhc1 Nxg4 20. hxg4
e5 21. Bd4 f6 22. Kf2 Bg8 23. Rab1 h5 0-1

[Event "78th ch-ESP 2013"]
[Site "Linares ESP"]
[Date "2013.08.31"]
[Round "3.16"]
[White "Recuero Guerra, David"]
[Black "Romero Berruezo, Francisco"]
[Result "1-0"]
[WhiteElo "2454"]
[BlackElo "2154"]
[PlyCount "111"]
[EventDate "2013.08.29"]

1. Nf3 Nf6 2. c4 g6 3. g3 Bg7 4. Bg2 d6 5. Nc3 O-O 6. O-O Nc6 7. d3 e5 8. Rb1
a5 9. a3 Nd4 10. Nd2 c6 11. e3 Ne6 12. Nf3 Nc5 13. b4 axb4 14. axb4 Nxd3 15.
Qxd3 e4 16. Nxe4 Nxe4 17. Bb2 Bf5 18. Qb3 Ng5 19. Bxg7 Nxf3+ 20. Bxf3 Kxg7 21.
Rbd1 Qf6 22. Bg2 Rfd8 23. Rd4 Be6 24. Rfd1 b5 25. Bxc6 Bxc4 26. Qb1 Ra2 27. Rf4
Qb2 28. Qxb2+ Rxb2 29. Bd5 Rxb4 30. Rxf7+ Kh8 31. Rb7 Ra4 32. Bc6 Rb4 33. Bd5
Ra4 34. Rb6 Be2 35. Rc1 Ra7 36. Kg2 Kg7 37. Rc2 Bd3 38. Rd2 Ra3 39. Bc6 Kf6 40.
Bxb5 Be4+ 41. f3 Bf5 42. e4 Be6 43. Rbxd6 Rxd6 44. Rxd6 Ra2+ 45. Kg1 Ra1+ 46.
Kf2 Ke5 47. Rd2 g5 48. Ke3 Re1+ 49. Be2 Rh1 50. f4+ gxf4+ 51. gxf4+ Kf6 52. Bf3
Re1+ 53. Kf2 Ra1 54. Rb2 Ra3 55. Rb6 Ke7 56. Rb7+ 1-0

[Event "78th ch-ESP 2013"]
[Site "Linares ESP"]
[Date "2013.08.31"]
[Round "3.17"]
[White "Astasio Lopez, David"]
[Black "Vega Gutierrez, Belinda"]
[Result "1-0"]
[WhiteElo "2392"]
[BlackElo "2148"]
[PlyCount "111"]
[EventDate "2013.08.29"]

1. d4 d5 2. Nf3 Nf6 3. e3 e6 4. c4 Be7 5. Bd3 O-O 6. O-O b6 7. a3 c5 8. Nc3 Bb7
9. cxd5 exd5 10. Qc2 c4 11. Be2 a6 12. Ne5 Nc6 13. f4 b5 14. Bf3 Na5 15. Bd2
Nb3 16. Rad1 Re8 17. Be1 Qd6 18. g4 Rad8 19. g5 Nd7 20. Nxf7 Kxf7 21. Qxh7 Rg8
22. Bh5+ Kf8 23. Qf5+ Nf6 24. gxf6 Qxf6 25. Qg6 Rh8 26. Bg3 Rh6 27. Qxf6+ Bxf6
28. Bf3 Be7 29. Na2 a5 30. Nc1 Nxc1 31. Rxc1 b4 32. axb4 axb4 33. Ra1 c3 34.
bxc3 bxc3 35. Rfc1 Rc8 36. Be1 Rg6+ 37. Kh1 c2 38. Be2 Rb6 39. Bd3 Rb3 40. Bf5
Rc4 41. Bd2 Rb2 42. Kg1 Bc6 43. Ra6 Bb5 44. Ra5 Bc6 45. Bd3 Ra4 46. Rxc2 Rxa5
47. Bxa5 Rb3 48. Rc3 Ra3 49. Rxa3 Bxa3 50. Kf2 Bc1 51. Bd8 Kf7 52. f5 Ba4 53.
Kf3 Bd1+ 54. Be2 Bc2 55. Kf4 Ke8 56. Bg5 1-0

[Event "78th ch-ESP 2013"]
[Site "Linares ESP"]
[Date "2013.08.31"]
[Round "3.18"]
[White "Torres Ventosa, Pedro Eugenio"]
[Black "Pena Torres, Jose Carlos"]
[Result "1-0"]
[WhiteElo "2317"]
[BlackElo "2091"]
[PlyCount "97"]
[EventDate "2013.08.29"]

1. e4 e6 2. d3 d5 3. Nd2 Bc5 4. Ngf3 a5 5. g3 dxe4 6. Nxe4 Be7 7. Bg2 Nf6 8.
O-O Nc6 9. Qe2 O-O 10. c3 a4 11. a3 Ra5 12. Nfd2 Ne5 13. d4 Ned7 14. Nc4 Ra7
15. Ned2 c5 16. Re1 cxd4 17. cxd4 Re8 18. Nf1 Nb6 19. Bd2 Nxc4 20. Qxc4 Bd7 21.
Ne3 b5 22. Qd3 Qb6 23. Rac1 Rc7 24. Rxc7 Qxc7 25. Rc1 Qb6 26. Bb4 Bxb4 27. axb4
Rd8 28. Rc5 Be8 29. Nc2 Qd6 30. Qd2 h6 31. f4 Rb8 32. Qe2 Rd8 33. h3 Kf8 34.
Kh2 Rb8 35. Bf1 Nd5 36. Qe1 f6 37. Na3 Nc7 38. Qc3 Na6 39. Nxb5 Bxb5 40. Rxb5
Nxb4 41. f5 Rxb5 42. Bxb5 Kf7 43. Qc8 Qe7 44. Bc4 Qd6 45. fxe6+ Kg6 46. Qe8+
Kh7 47. e7 Nd5 48. Qg8+ Kxg8 49. e8=Q+ 1-0

[Event "78th ch-ESP 2013"]
[Site "Linares ESP"]
[Date "2013.08.31"]
[Round "3.21"]
[White "Shen, Yue"]
[Black "Arroyo Rodriguez, Jesus"]
[Result "1-0"]
[WhiteElo "2283"]
[BlackElo "2054"]
[PlyCount "59"]
[EventDate "2013.08.29"]

1. d4 d5 2. c4 c6 3. Nc3 Nf6 4. e3 Bf5 5. cxd5 cxd5 6. Qb3 e6 7. Qxb7 Nbd7 8.
Bb5 Be7 9. Nf3 O-O 10. O-O h6 11. Qa6 g5 12. b3 Qc7 13. Bb2 Nb8 14. Qa4 a6 15.
Rac1 Qb7 16. Be2 Nfd7 17. Nb1 Nb6 18. Qa5 Nc6 19. Qd2 Rfc8 20. Ba3 Bd8 21. Ne1
Nd7 22. Nd3 Ba5 23. Nc3 Nf6 24. Nc5 Qc7 25. Qd1 Nb4 26. Bxb4 Bxb4 27. Nxa6 Rxa6
28. Bxa6 Bxc3 29. Bxc8 Qxc8 30. Qe1 1-0

[Event "78th ch-ESP 2013"]
[Site "Linares ESP"]
[Date "2013.08.31"]
[Round "3.22"]
[White "Perera Borrego, Mariela"]
[Black "Villasenor Rubio, Emilio Jose"]
[Result "0-1"]
[WhiteElo "2062"]
[BlackElo "2260"]
[PlyCount "78"]
[EventDate "2013.08.29"]

1. d4 d6 2. Nf3 Nd7 3. g3 Ngf6 4. Bg2 g6 5. O-O Bg7 6. c4 O-O 7. Nc3 e5 8. e4
Re8 9. h3 c6 10. b3 a5 11. Be3 exd4 12. Nxd4 Nc5 13. Qc2 Qe7 14. Rfe1 Bd7 15.
Rad1 Nfxe4 16. Bf4 f5 17. Nxe4 fxe4 18. Nb5 cxb5 19. Bxd6 Qf7 20. Bxc5 bxc4 21.
Qxc4 Qxc4 22. bxc4 Bc6 23. Bb6 a4 24. h4 a3 25. Bd4 Ra4 26. Bxg7 Kxg7 27. Rd4
Rb4 28. Re3 Rb1+ 29. Bf1 Ra8 30. Rd2 Ra4 31. Rc3 Rb2 32. Rcc2 Rab4 33. Be2 Rxc2
34. Rxc2 Rb2 35. Bd1 Rb1 36. Rd2 Ba4 37. Kh2 Rxd1 38. Re2 Bc6 39. Re3 Rd3 0-1

[Event "78th ch-ESP 2013"]
[Site "Linares ESP"]
[Date "2013.08.31"]
[Round "3.23"]
[White "Jimenez De La Torre, Jose A"]
[Black "Nicolas Zapata, Irene"]
[Result "0-1"]
[WhiteElo "2038"]
[BlackElo "2253"]
[PlyCount "121"]
[EventDate "2013.08.29"]

1. e4 c5 2. Nf3 d6 3. d4 cxd4 4. Nxd4 Nf6 5. Nc3 g6 6. Be3 Bg7 7. f3 O-O 8. Qd2
Nc6 9. O-O-O d5 10. Kb1 Nxd4 11. e5 Nf5 12. exf6 exf6 13. Bc5 d4 14. Ne2 Re8
15. Bxd4 Nxd4 16. Nxd4 f5 17. Bb5 Bd7 18. Bxd7 Qxd7 19. Nb3 Qc7 20. Qd7 Qe5 21.
c3 Re7 22. Qd5 Qxd5 23. Rxd5 Re2 24. g3 Rae8 25. Rd7 b5 26. Rd2 Rxd2 27. Nxd2
Re2 28. Kc2 h5 29. Kd3 Re7 30. f4 h4 31. Nf3 hxg3 32. hxg3 b4 33. cxb4 Re4 34.
Re1 Rxb4 35. b3 Bf6 36. Re8+ Kg7 37. Rc8 Rb7 38. Rc4 Rd7+ 39. Ke2 Kh6 40. b4
Kh5 41. a4 Re7+ 42. Kf2 Re4 43. Rxe4 fxe4 44. Ne5 Be7 45. Nc6 Bd6 46. b5 Bc5+
47. Kg2 f6 48. Kf1 Kg4 49. Ke2 Kxg3 50. a5 Kxf4 51. Nxa7 Kg3 52. Nc6 f5 53. b6
f4 54. b7 f3+ 55. Kf1 Bd6 56. a6 e3 57. b8=Q e2+ 58. Ke1 Bxb8 59. Nxb8 Kg2 60.
Nc6 f2+ 61. Kd2 0-1

[Event "78th ch-ESP 2013"]
[Site "Linares ESP"]
[Date "2013.08.31"]
[Round "3.24"]
[White "De Prado Rodriguez, Oscar Bruno"]
[Black "Ruiz Casado, Francisco Javier"]
[Result "1-0"]
[WhiteElo "2251"]
[BlackElo "2029"]
[PlyCount "110"]
[EventDate "2013.08.29"]

1. d4 d5 2. Nf3 Nf6 3. e3 c5 4. c3 e6 5. Bd3 Bd6 6. O-O Nc6 7. Nbd2 O-O 8. dxc5
Bxc5 9. e4 Nxe4 10. Nxe4 dxe4 11. Bxe4 Qxd1 12. Rxd1 Be7 13. Bf4 Bf6 14. Rd6 e5
15. Bg3 Be7 16. Rxc6 bxc6 17. Nxe5 Bb7 18. Nxc6 Bxc6 19. Bxc6 Rad8 20. Bf4 Bd6
21. Be3 Rb8 22. b4 a6 23. a4 Be5 24. Rc1 Rbc8 25. b5 h5 26. c4 Rxc6 27. bxc6
Rc8 28. f4 Bd6 29. c5 Bf8 30. Rb1 Rxc6 31. Rb8 f6 32. a5 Kf7 33. Rb6 Rc8 34. c6
Ke6 35. Rxa6 Kd5 36. Kf2 Bd6 37. Kf3 Bc7 38. h3 g6 39. Bb6 Bd6 40. c7 g5 41.
fxg5 fxg5 42. Be3 Rf8+ 43. Ke2 g4 44. hxg4 hxg4 45. Rb6 Bxc7 46. Rg6 g3 47. a6
Bd6 48. a7 Kc6 49. Bf4 Kb7 50. Bxd6 Rf2+ 51. Ke1 Rxg2 52. Bc5 Ra2 53. Rg7+ Kc6
54. Be3 g2 55. Rg8 Kd5 1-0

[Event "78th ch-ESP 2013"]
[Site "Linares ESP"]
[Date "2013.08.31"]
[Round "3.25"]
[White "Lucena Moreno, Rafael"]
[Black "Rioboo De Larriva, Alvaro"]
[Result "0-1"]
[WhiteElo "2015"]
[BlackElo "2247"]
[PlyCount "116"]
[EventDate "2013.08.29"]

1. d4 e6 2. Nf3 b6 3. e3 Bb7 4. c4 Nf6 5. Nc3 Bb4 6. Be2 O-O 7. O-O Bxc3 8.
bxc3 d6 9. Nd2 Nbd7 10. a4 c5 11. a5 Qc7 12. a6 Bc6 13. Bf3 Bxf3 14. Qxf3 Rab8
15. Ba3 b5 16. dxc5 Nxc5 17. cxb5 Rxb5 18. c4 Rb6 19. Bxc5 Qxc5 20. Rfb1 Rxb1+
21. Rxb1 Qa5 22. Qd1 Qxa6 23. Ra1 Qb6 24. Qa4 Ra8 25. Rb1 Qc7 26. Qa6 Rb8 27.
Rxb8+ Qxb8 28. f3 h6 29. Kf2 Qb6 30. Qxb6 axb6 31. e4 Kf8 32. Ke3 Ke7 33. h3 g5
34. f4 Nh5 35. fxg5 hxg5 36. Kf3 Kf6 37. Kg4 Kg6 38. g3 Nf6+ 39. Kf3 Nd7 40.
Ke3 Ne5 41. g4 Kf6 42. Kd4 Ng6 43. Nf3 Nf4 44. e5+ dxe5+ 45. Nxe5 Nxh3 46. Nd7+
Ke7 47. Nxb6 Nf2 48. c5 Nxg4 49. Nc8+ Kd7 50. Nd6 f6 51. Ne4 Kc6 52. Kc4 Ne5+
53. Kd4 Nd7 54. Ke3 g4 55. Kf4 f5 56. Ng5 Nxc5 57. Ke5 Kd7 58. Kd4 Kd6 0-1

[Event "78th ch-ESP 2013"]
[Site "Linares ESP"]
[Date "2013.08.31"]
[Round "3.26"]
[White "Aranaz Murillo, Amalia"]
[Black "Bazan Solera, Manuel"]
[Result "1-0"]
[WhiteElo "2246"]
[BlackElo "2007"]
[PlyCount "33"]
[EventDate "2013.08.29"]

1. Nf3 Nf6 2. c4 g6 3. g3 Bg7 4. Bg2 d6 5. d4 O-O 6. O-O Nc6 7. Nc3 a6 8. d5
Na5 9. b3 c5 10. dxc6 bxc6 11. Bb2 Rb8 12. Qc1 c5 13. Rd1 Qc7 14. Nd5 Nxd5 15.
Bxg7 Kxg7 16. cxd5 Qa7 17. Qc3+ 1-0

[Event "78th ch-ESP 2013"]
[Site "Linares ESP"]
[Date "2013.08.31"]
[Round "3.27"]
[White "Gimenez Jimenez, Jesus"]
[Black "Quintin Navarro, Alberto"]
[Result "0-1"]
[WhiteElo "2007"]
[BlackElo "2241"]
[PlyCount "68"]
[EventDate "2013.08.29"]

1. e4 c5 2. Nf3 g6 3. c3 d5 4. exd5 Qxd5 5. Be2 Bg7 6. O-O Nc6 7. Na3 Nf6 8.
Nb5 Qd8 9. d4 a6 10. d5 Nb8 11. Na3 Qxd5 12. Qa4+ Bd7 13. Qc2 Bf5 14. Qa4+ b5
15. Qa5 O-O 16. Rd1 Qb7 17. Bf4 Nd5 18. Bxb8 Raxb8 19. Nh4 Nf4 20. Bf3 Be4 21.
Nc2 Bf6 22. Re1 Nh3+ 23. Kf1 Bd3+ 24. Re2 Bxe2+ 25. Kxe2 Nf4+ 26. Kf1 Qd7 27.
Rd1 Qc8 28. g3 Bxh4 29. gxf4 Qh3+ 30. Ke2 Qxh2 31. Rf1 Qxf4 32. Ne3 b4 33. Rh1
bxc3 34. Qxc3 Bf6 0-1

[Event "78th ch-ESP 2013"]
[Site "Linares ESP"]
[Date "2013.08.31"]
[Round "3.28"]
[White "Boutahar Belgasi, Tarik"]
[Black "Martinez Lopez, David"]
[Result "0-1"]
[WhiteElo "1980"]
[BlackElo "2238"]
[PlyCount "110"]
[EventDate "2013.08.29"]

1. Nf3 Nf6 2. g3 c5 3. Bg2 Nc6 4. c4 d5 5. cxd5 Nxd5 6. O-O e5 7. d3 Be7 8. Nc3
Be6 9. Bd2 O-O 10. Nxd5 Bxd5 11. Bc3 f6 12. e3 Qd7 13. Qe2 Rad8 14. Rfd1 Rfe8
15. Rd2 Bf8 16. b3 b5 17. Qf1 a5 18. Ne1 Qa7 19. Bxd5+ Rxd5 20. a4 b4 21. Bb2
Qf7 22. Rc2 Red8 23. Rb1 f5 24. Rc4 Qe6 25. Qh3 Qg6 26. Qg2 Qf7 27. e4 fxe4 28.
Qxe4 Nd4 29. Bxd4 exd4 30. Ng2 Re8 31. Qf4 Rf5 32. Qd2 Rfe5 33. Re1 h6 34. Kf1
Rxe1+ 35. Nxe1 Qh5 36. f3 Qd5 37. Kf2 Re3 38. Qd1 Qh5 39. Kg2 Re8 40. Rc2 Qd5
41. Rd2 Bd6 42. Kf2 Qh5 43. Kg2 Qf7 44. Kf2 Re6 45. Kg2 Kf8 46. Rf2 Re8 47. Kf1
Re3 48. Ng2 Re7 49. Nh4 g5 50. Ng2 Qh5 51. Ne1 Bxg3 52. Re2 Qh3+ 53. Kg1 Bf4
54. Rxe7 Qxh2+ 55. Kf1 Kxe7 0-1

[Event "78th ch-ESP 2013"]
[Site "Linares ESP"]
[Date "2013.08.31"]
[Round "3.30"]
[White "Navarrete Espi, Samuel"]
[Black "Sarto Ramos, Angel"]
[Result "1-0"]
[WhiteElo "2214"]
[BlackElo "2002"]
[PlyCount "77"]
[EventDate "2013.08.29"]

1. e4 g6 2. d4 c6 3. Nc3 d5 4. Nf3 Bg7 5. h3 dxe4 6. Nxe4 Nd7 7. Bc4 Ndf6 8.
Neg5 Nh6 9. Ne5 Nd5 10. Ngf3 Nf5 11. c3 Nd6 12. Bb3 Bf5 13. c4 Nc7 14. c5 O-O
15. cxd6 exd6 16. Nd3 Re8+ 17. Be3 Nd5 18. Bxd5 Qa5+ 19. Qd2 Qxd5 20. O-O Qe4
21. Nf4 c5 22. Rae1 Qc6 23. d5 Qa6 24. b4 b6 25. Qe2 Qa3 26. bxc5 bxc5 27. Qc4
Re4 28. Qb3 Qa6 29. Bd2 Ra4 30. Qe3 Rxa2 31. g4 Bd7 32. Qe7 Bb5 33. Ng5 Be8 34.
Qxe8+ Rxe8 35. Rxe8+ Bf8 36. Nfe6 fxe6 37. Nxe6 Kf7 38. Rxf8+ Ke7 39. Bg5+ 1-0

[Event "78th ch-ESP 2013"]
[Site "Linares ESP"]
[Date "2013.09.01"]
[Round "4.1"]
[White "Korneev, Oleg"]
[Black "Lopez Martinez, Josep Manuel"]
[Result "0-1"]
[WhiteElo "2625"]
[BlackElo "2547"]
[PlyCount "110"]
[EventDate "2013.08.29"]

1. e4 e6 2. d4 d5 3. Nd2 Nf6 4. e5 Nfd7 5. c3 c5 6. Bd3 b6 7. Nh3 Ba6 8. Bxa6
Nxa6 9. O-O Nc7 10. Qg4 c4 11. b3 b5 12. bxc4 bxc4 13. a4 g6 14. Nf3 h6 15. Ba3
Bxa3 16. Rxa3 Rb8 17. Nf4 Qe7 18. Raa1 Rb3 19. Rfb1 Rxc3 20. h4 Ra3 21. Rxa3
Qxa3 22. Rb7 Kd8 23. Ne2 Qa1+ 24. Kh2 Kc8 25. Rxa7 Qb2 26. Qf4 Qxe2 27. Qxf7
Qb2 28. Rxc7+ Kxc7 29. Qxe6 Qb7 30. Qd6+ Kc8 31. Qxg6 c3 32. e6 Qc7+ 33. g3 Nb8
34. Ne1 Nc6 35. Nc2 Qh7 36. Qf6 Re8 37. e7 Kb7 38. Qd6 Qxe7 39. Qxd5 Rf8 40.
Kg1 Kc7 41. Qc4 Qf7 42. Qf1 Qd5 43. Qe1 Rf3 44. Qe2 Rf6 45. Ne3 Qb3 46. Qd3 Nb4
47. Qb5 Qb1+ 48. Kg2 Qe4+ 49. Kh3 c2 50. Qa5+ Kc8 51. d5 c1=Q 52. Qa8+ Kd7 53.
Qb7+ Qc7 54. Qb5+ Kd8 55. d6 Qh1+ 0-1

[Event "78th ch-ESP 2013"]
[Site "Linares ESP"]
[Date "2013.09.01"]
[Round "4.2"]
[White "Castellanos Rodriguez, Renier"]
[Black "Perez Candelario, Manuel"]
[Result "1/2-1/2"]
[WhiteElo "2510"]
[BlackElo "2569"]
[PlyCount "66"]
[EventDate "2013.08.29"]

1. e4 c5 2. Nf3 d6 3. d4 cxd4 4. Nxd4 Nf6 5. Nc3 g6 6. Be3 Bg7 7. f3 O-O 8. Qd2
Nc6 9. O-O-O d5 10. exd5 Nxd5 11. Nxc6 bxc6 12. Bd4 Nxc3 13. Qxc3 Bh6+ 14. Be3
Bxe3+ 15. Qxe3 Qb6 16. Qxe7 Be6 17. Qa3 Rad8 18. Bd3 Rd5 19. Rhe1 Ra5 20. Qc3
Rxa2 21. b3 Ra5 22. Kb2 Rd5 23. Bc4 Rxd1 24. Rxd1 Bxc4 25. Qxc4 Qf2 26. Qxc6
Qxg2 27. h4 h5 28. Qf6 Rc8 29. Rd8+ Rxd8 30. Qxd8+ Kg7 31. Qd4+ Kf8 32. Qd8+
Kg7 33. Qd4+ Kf8 1/2-1/2

[Event "78th ch-ESP 2013"]
[Site "Linares ESP"]
[Date "2013.09.01"]
[Round "4.3"]
[White "Narciso Dublan, Marc"]
[Black "Salgado Lopez, Ivan"]
[Result "1/2-1/2"]
[WhiteElo "2505"]
[BlackElo "2614"]
[PlyCount "126"]
[EventDate "2013.08.29"]

1. e4 c5 2. Nc3 Nc6 3. g3 g6 4. Bg2 Bg7 5. d3 d6 6. Be3 Nf6 7. Qc1 O-O 8. Bh6
Bxh6 9. Qxh6 Nd4 10. Qd2 e5 11. Nge2 Bh3 12. O-O Bxg2 13. Kxg2 d5 14. f3 Rc8
15. Rae1 Re8 16. Nd1 Nc6 17. Nec3 d4 18. Ne2 Nd7 19. Nf2 f6 20. a3 Ne7 21. c4
f5 22. b4 b6 23. Nc1 Qc7 24. Nb3 Rf8 25. Rb1 Rb8 26. Rb2 Rf6 27. Rfb1 Rbf8 28.
Nh3 Kg7 29. bxc5 bxc5 30. Qa5 Rb6 31. Nd2 h6 32. Rxb6 axb6 33. Qa4 Qb7 34. Nf2
Ra8 35. Qb3 Qc6 36. Ra1 Qc7 37. Qb1 Rf8 38. Qe1 Qc6 39. Kg1 Qa4 40. Qd1 Qc6 41.
a4 Qc7 42. Nb3 Nc6 43. exf5 gxf5 44. Qd2 Nf6 45. a5 Ra8 46. axb6 Rxa1+ 47. Nxa1
Qxb6 48. Qd1 Nb4 49. Nb3 Qc6 50. Qe2 Qd6 51. f4 exf4 52. gxf4 Qxf4 53. Nxc5
Qc1+ 54. Qf1 Qe3 55. Kh1 h5 56. Nh3 Qe5 57. Qg1+ Ng4 58. Qxd4 Qxd4 59. Ne6+ Kf6
60. Nxd4 Nxd3 61. Nf3 Ne3 62. c5 Nxc5 63. Nf4 h4 1/2-1/2

[Event "78th ch-ESP 2013"]
[Site "Linares ESP"]
[Date "2013.09.01"]
[Round "4.4"]
[White "Illescas Cordoba, Miguel"]
[Black "Suarez Garcia, Carlos"]
[Result "1-0"]
[WhiteElo "2608"]
[BlackElo "2321"]
[PlyCount "106"]
[EventDate "2013.08.29"]

1. e4 c5 2. Nf3 e6 3. g3 d5 4. exd5 exd5 5. d4 Nf6 6. Bg2 Be7 7. O-O O-O 8.
dxc5 Bxc5 9. Nc3 Nc6 10. a3 a6 11. b4 Be7 12. Bb2 Bf5 13. Nd4 Bg6 14. Re1 Re8
15. Nb3 d4 16. Ne2 d3 17. cxd3 Qxd3 18. Qxd3 Bxd3 19. Ned4 Rac8 20. Re3 Bc4 21.
Nxc6 bxc6 22. Na5 Bd5 23. Rc1 Kf8 24. Nxc6 Bxg2 25. Kxg2 Nd5 26. Ree1 Bf6 27.
Ne5 Nb6 28. Rxc8 Rxc8 29. Bd4 Bxe5 30. Rxe5 Nc4 31. Rc5 Rxc5 32. Bxc5+ Ke8 33.
a4 Nb2 34. a5 Kd7 35. Kf3 Nc4 36. Ke4 Kc6 37. Bf8 g6 38. g4 Nd2+ 39. Ke3 Nc4+
40. Kd4 Nd2 41. Ke3 Nc4+ 42. Kf4 Nd2 43. h4 Kd5 44. Be7 Ne4 45. f3 Nd2 46. h5
Nb3 47. Kg5 Nd4 48. Kf6 Nxf3 49. h6 g5 50. Kxf7 Ne5+ 51. Kg7 Nxg4 52. Bxg5 Kc4
53. Be7 Kd5 1-0

[Event "78th ch-ESP 2013"]
[Site "Linares ESP"]
[Date "2013.09.01"]
[Round "4.5"]
[White "Teran Alvarez, Ismael"]
[Black "Arizmendi Martinez, Julen Luis"]
[Result "1/2-1/2"]
[WhiteElo "2422"]
[BlackElo "2577"]
[PlyCount "40"]
[EventDate "2013.08.29"]

1. e4 e5 2. Nf3 Nc6 3. Nc3 Nf6 4. Bb5 Bc5 5. O-O O-O 6. d3 Nd4 7. Nxd4 Bxd4 8.
Bc4 c6 9. Qf3 d6 10. h3 Ne8 11. Ne2 Bb6 12. Be3 Be6 13. Bxe6 fxe6 14. Qg4 Qe7
15. Kh1 Bxe3 16. fxe3 Nf6 17. Qg3 Nh5 18. Qg4 Nf6 19. Qg3 Nh5 20. Qg4 Nf6
1/2-1/2

[Event "78th ch-ESP 2013"]
[Site "Linares ESP"]
[Date "2013.09.01"]
[Round "4.8"]
[White "Anton Guijarro, David"]
[Black "Sanchez Aller, Fernando"]
[Result "1-0"]
[WhiteElo "2570"]
[BlackElo "2320"]
[PlyCount "61"]
[EventDate "2013.08.29"]

1. d4 Nf6 2. Nf3 c5 3. e3 e6 4. Bd3 cxd4 5. exd4 Be7 6. O-O O-O 7. b3 b6 8. Bb2
Bb7 9. Nbd2 d6 10. Re1 Re8 11. c4 Nbd7 12. Nf1 Bf8 13. Ne3 e5 14. Bf5 g6 15.
Bh3 e4 16. Nd2 d5 17. Rc1 Bh6 18. Rc2 Nf8 19. Nb1 Ne6 20. Bxe6 Rxe6 21. Nc3 Qd7
22. cxd5 Nxd5 23. Ncxd5 Bxd5 24. Qg4 Rd8 25. Rec1 Ree8 26. Qg3 Qb5 27. Rc7 Qe2
28. Ba3 Bg7 29. Be7 Bxd4 30. Bxd8 Rxd8 31. Qg5 1-0